Marketing internacional
Guardat en:
| Autor principal: | |
|---|---|
| Format: | Llibre |
| Idioma: | espanyol |
| Publicat: |
Barcelona
Océano
2003
|
| Col·lecció: | Marketing Práctico
|
| Matèries: | |
| Etiquetes: |
Afegir etiqueta
Sense etiquetes, Sigues el primer a etiquetar aquest registre!
|
MARC
| LEADER | 00000nam a2200000 a 4500 | ||
|---|---|---|---|
| 001 | UCK7975 | ||
| 003 | CL-VaPUC | ||
| 008 | 060105e20030000SP |||||||||||||||||spa|d | ||
| 020 | |a 8449427401 | ||
| 082 | 0 | 4 | |a 658.848 |b TRI |2 21 |
| 100 | 0 | |a Trigo, Gustavo |e author |9 497717 | |
| 245 | 1 | 0 | |a Marketing internacional |
| 300 | |a 120 p | ||
| 942 | |c BK | ||
| 945 | |d 20060105 00:00:00 |a jtorresc | ||
| 260 | |a Barcelona |b Océano |c 2003 | ||
| 650 | 0 | |a Marketing |9 259324 | |
| 650 | 7 | |a COMERCIO INTERNACIONAL |2 CL-VaPUC |9 497718 | |
| 650 | 0 | |a Administración de empresas |9 260833 | |
| 650 | 0 | |a Planificación estratégica |9 259735 | |
| 583 | |a last modification |c 20060105 00:00:00 |k Rodrigo Vera | ||
| 490 | 0 | |a Marketing Práctico | |
| 999 | |c 315813 |d 315811 | ||
| 952 | |0 0 |1 0 |2 ddc |4 0 |6 658_848000000000000_TRI_2003 |7 0 |8 A |9 389587 |a BIBING |b BIBING |c RES |d 2019-11-22 |i 4198344 |o 658.848 TRI 2003 |p 4198344 |r 2025-01-20 |w 2019-11-22 |y BK |k TRA | ||